| 000 | 00877cab a2200265 4500 | ||
|---|---|---|---|
| 001 | WB3331-07 | ||
| 008 | 090401t1997 xxu||||| |||| 00| 0 eng d | ||
| 035 | _a(Sirsi) u80090 | ||
| 041 | _aeng | ||
| 245 | _aEastern buyers | ||
| 260 | _c1997 | ||
| 350 | _a0 | ||
| 490 |
_aProperty Week _v60(6) 1 August 1997, 6(1) |
||
| 520 | _aMiddle and Far Eastern money flooded back into property investment in central London in the first half of 1997, reaching a record level not seen since the late 1980s according to figures from Jones Lang Wootton. | ||
| 650 | _aCENTRAL LONDON | ||
| 650 | _aFAR EAST | ||
| 650 | _aFOREIGN INVESTMENT | ||
| 650 | _aINVESTMENT MARKET | ||
| 650 | _aJONES LANG WOOTTON | ||
| 650 | _aMIDDLE EAST | ||
| 650 | _aOVERSEAS INVESTMENT | ||
| 690 | _aPROPERTY-COMMERCIAL PROPERTY-COMMERCIAL PROPERTY MARKET | ||
| 942 | _n0 | ||
| 948 | _c05/08/1997 | ||
| 999 |
_c50417 _d50417 |
||